000 00280nam a22001217a 4500
008 180115b xxu||||| |||| 00| 0 eng d
041 _aeng
080 _a573
100 _a11
101 _aBIO
245 _aMicro-Methods for the Biological Sciences
_cKeleti, G
942 _2udc
_cBK
999 _c40264
_d40264